000 01030nam a22002297a 4500
999 _c1223
_d1223
005 20210808105240.0
008 s2513 th tha d
040 _aNALT
041 _atha
050 _aD 209
_bจ7 2513
100 0 _aเจริญ ไชยชนะ
_926526
245 1 0 _aประวัติศาสตร์สากลสมัยใหม่ /
_cเจริญ ไชยชนะ.
260 _aพระนคร :
_bคลังวิทยา,
_c2513.
300 _a664 หน้า :
_bภาพประกอบ ;
_c22 ซม.
650 4 _aประวัติศาสตร์สมัยใหม่
_926528
650 4 _aประวัติศาสตร์โลก
_920627
651 4 _95819
_aยุโรป
_xประวัติศาสตร์
651 4 _922468
_aสหรัฐอเมริกา
_xประวัติศาสตร์
850 _aNALT
942 _cRRB
_2lcc
998 _j104
_k สายฝน ดีงาม